El sabio instruido de la gracia, en varias maximas, o ideas evangelicas, politicas, y morales. Añadidas en esta ultima impression por el mismo autor, è ilustradas con figuras, y lemas / por el P. Francisco Garau, de la Compañía de Jesus, Cathedratico de Prima, que fue, de theologia en el Colegio de Belèn, de la misma Compañía

Detalles Bibliográficos
Autor principal: Garau, Francisco, S. J., 1640-1701
Formato: Libro
Lenguaje:Undetermined
Spanish
Publicado: Barcelona : en la imprenta de Juan Piferrer, 1711.
Materias:
Colección:Banco de datos
Acervo:Museo Virreinal de Zinacantepec. Estado de México
Descripción Física:3 t. : il. ; 4°
Tema general:Moral
Notas:Incluye ilustraciones en grabado xilográfico. Encuadernación en pergamino (3632, 3633). Marca de fuego: Convento de Carmelitas Descalzos de Toluca, Estado de México. Daños en la encuadernación (3632)
LEADER 01010nam a2200169Ia 4500
008 150723s9999 xx 000 0 und d
041 0 |a spa 
100 1 |a Garau, Francisco, S. J., 1640-1701 
245 1 0 |a El sabio instruido de la gracia, en varias maximas, o ideas evangelicas, politicas, y morales. Añadidas en esta ultima impression por el mismo autor, è ilustradas con figuras, y lemas / por el P. Francisco Garau, de la Compañía de Jesus, Cathedratico de Prima, que fue, de theologia en el Colegio de Belèn, de la misma Compañía 
260 |a Barcelona : en la imprenta de Juan Piferrer, 1711. 
300 |a 3 t. : il. ; 4° 
500 |a Incluye ilustraciones en grabado xilográfico. Encuadernación en pergamino (3632, 3633). Marca de fuego: Convento de Carmelitas Descalzos de Toluca, Estado de México. Daños en la encuadernación (3632) 
650 1 0 |a Moral 
949 |a t. 1 (3632), t. 2 (3633) 
942 |c ZINACA 
943 |g Museo Virreinal de Zinacantepec. Estado de México 
999 |c 1106885  |d 1106885